{"text_format":"3","workbook":"xls","n_sheets":3,"sheets":["Sheet1","Sheet2","Sheet3"],"read":"whole","date_system":"1900","formulas":"cached_only"}

{"sheet":"Sheet1","index":0,"n_rows":6,"n_cols":10,"rows_kept":6,"flags":["formulas_cached_only"]}
["苏盛建材","2019.5.14","线材195L",6.5,33.1,"吨",4042,{"v":133790.2,"d":"133790.20"},"山东永信供应链管理有限公司","DLS-190267"]
["巨野分公司","2019.5.15","线材195L",6.5,33.6,"吨",4022,{"v":135139.2,"d":"135139.20"},"山东永信供应链管理有限公司","DLS-190268"]
["池州分公司","2019.5.15","线材195L",6.5,33.65,"吨",4178,{"v":140589.7,"d":"140589.70"},"山东永信供应链管理有限公司","DLS-190269"]
["巨野分公司","2019.5.16","PC钢棒",10.7,32,"吨",4720,{"v":151040,"d":"151040.00"},"邯郸市道博金属材料有限公司","DLS-190270"]
["大力神","2019.5.16","钢棒30mins",12.6,35,"吨",4950,{"v":173250,"d":"173250.00"},"连云港新长江贸易有限公司","DLS-190271"]
["中大杆塔","2019.5.16","开平板 中板","Q345b",32.9,null,null,{"v":140140,"d":"140140.00"},"济南铁驰物资有限公司","DLS-190272"]

{"sheet":"Sheet2","index":1,"n_rows":0,"n_cols":0,"rows_kept":0,"flags":["formulas_cached_only"]}

{"sheet":"Sheet3","index":2,"n_rows":0,"n_cols":0,"rows_kept":0,"flags":["formulas_cached_only"]}